ARRUPE JESUIT UNIVERSITY

CORONAVIRUS -STOP THE SPREAD - CLEAN,DISINFECT,COVER

Counselling in a police setting : (Record no. 128738)

MARC details
000 -LEADER
fixed length control field 01020cam a2200289 a 4500
001 - CONTROL NUMBER
control field 13632023
003 - CONTROL NUMBER IDENTIFIER
control field ARRUPE
005 - DATE AND TIME OF LATEST TRANSACTION
control field 20190108111612.0
008 - FIXED-LENGTH DATA ELEMENTS--GENERAL INFORMATION
fixed length control field 040318s2003 za b f000 0 eng
010 ## - LIBRARY OF CONGRESS CONTROL NUMBER
LC control number 2003408886
020 ## - INTERNATIONAL STANDARD BOOK NUMBER
International Standard Book Number 9982993801
035 ## - SYSTEM CONTROL NUMBER
System control number (DLC) 2003408886
040 ## - CATALOGING SOURCE
Original cataloging agency DLC
Transcribing agency DLC
042 ## - AUTHENTICATION CODE
Authentication code lcode
043 ## - GEOGRAPHIC AREA CODE
Geographic area code f-za---
050 00 - LIBRARY OF CONGRESS CALL NUMBER
Classification number BF637.C6
Item number C458 2003
300 ## - PHYSICAL DESCRIPTION
Dimensions 21 cm.
100 1# - MAIN ENTRY--PERSONAL NAME
Personal name Chansonso, Chanda Norman.
9 (RLIN) 43870
245 10 - TITLE STATEMENT
Title Counselling in a police setting :
Remainder of title a Zambian perspective /
Statement of responsibility, etc Chanda Norman Chansonso.
260 ## - PUBLICATION, DISTRIBUTION, ETC. (IMPRINT)
Place of publication, distribution, etc Lusaka :
Name of publisher, distributor, etc Published with the support of Zambia Police Service,
Date of publication, distribution, etc 2003.
300 ## - PHYSICAL DESCRIPTION
Extent ii, 115 p. ;
504 ## - BIBLIOGRAPHY, ETC. NOTE
Bibliography, etc Includes bibliographical references.
650 ## - SUBJECT ADDED ENTRY--TOPICAL TERM
Topical term or geographic name as entry element Counselling
9 (RLIN) 24370
650 ## - SUBJECT ADDED ENTRY--TOPICAL TERM
Topical term or geographic name as entry element Counselling and its law
9 (RLIN) 43871
906 ## - LOCAL DATA ELEMENT F, LDF (RLIN)
a 7
b cbc
c origode
d 3
e ncip
f 20
g y-gencatlg
942 ## - ADDED ENTRY ELEMENTS (KOHA)
Source of classification or shelving scheme Library of Congress Classification
Koha item type Monograph ( Printed materials)
Holdings
Withdrawn status Lost status Source of classification or shelving scheme Damaged status Not for loan Collection code Home library Current library Shelving location Date acquired Total Checkouts Full call number Barcode Date last seen Price effective from Koha item type
    Library of Congress Classification     Main Collection ARRUPE LIBRARY ARRUPE LIBRARY Main Collection 08/01/2019   BF637.C6 C458 2003 46600002764 08/01/2019 08/01/2019 Monograph ( Printed materials)

 

Arrupe Library. PO Box MP320 Mt Pleasant, Harare, Zimbabwe
263 242 745411|librarian@aju.ac.zw